[Event "Vlissingen HZ op 17th"]
[Site "Vlissingen"]
[Date "2013.08.04"]
[Round "3"]
[White "Jenisch, Achim"]
[Black "Gunther, Justin"]
[Result "0-1"]
[WhiteElo "1859"]
[BlackElo "2071"]
[PlyCount "78"]
[EventDate "2013.08.03"]
[EventType "swiss"]
[EventRounds "9"]
[EventCountry "NED"]
[SourceTitle "CBM 155 Extra"]
[Source "ChessBase"]
[SourceDate "2013.08.26"]
[SourceVersion "1"]
[SourceVersionDate "2013.08.26"]
[SourceQuality "1"]

1. d4 Nf6 2. c4 e6 3. Nf3 b6 4. g3 Bb7 5. Bg2 Be7 6. 0-0 0-0 7. Nc3 d5 8. b3 Nbd7 9. Bf4 Rc8 10. Ne5 Bb4 11. Rc1 Re8 12. Nd3 Bxc3 13. Rxc3 c5 14. dxc5 bxc5 15. Rc2 e5 16. Bg5 e4 17. Nf4 d4 18. Nh5 h6 19. Nxf6+ Nxf6 20. Bc1 Qe7 21. Qe1 Rcd8 22. Qa5 d3 23. Rd2 Ng4 24. e3 Ne5 25. Ba3 Rc8 26. Bb2 Nf3+ 27. Bxf3 exf3 28. h3 Qe6 29. Kh2 Be4 30. Qc3 f6 31. Rg1 h5 32. g4 Qd6+ 33. Kh1 hxg4 34. Rxg4 Kf7 35. Qa5 Rh8 36. h4 Bf5 37. Rf4 Qxf4 38. exf4 Rxh4+ 39. Kg1 Rch8 0-1

[Event "Maastricht Limburg op-A 5th"]
[Site "Maastricht"]
[Date "2011.06.13"]
[Round "6"]
[White "Roufs, Gerard"]
[Black "Gunther, Justin"]
[Result "1/2-1/2"]
[WhiteElo "2006"]
[BlackElo "2054"]
[PlyCount "58"]
[EventDate "2011.06.10"]
[EventType "swiss"]
[EventRounds "7"]
[EventCountry "NED"]
[SourceTitle "CBM 142 Extra"]
[Source "ChessBase"]
[SourceDate "2011.06.27"]
[SourceVersion "1"]
[SourceVersionDate "2011.06.27"]
[SourceQuality "1"]

1. d4 Nf6 2. c4 c5 3. d5 e6 4. Nc3 exd5 5. cxd5 d6 6. e4 g6 7. Bd3 Bg7 8. h3 0-0 9. Nf3 b5 10. Bxb5 Nxe4 11. Nxe4 Qa5+ 12. Nfd2 Qxb5 13. Nxd6 Qd7 14. N2c4 Qe7+ 15. Be3 Ba6 16. Qc2 Nd7 17. 0-0 Nb6 18. Rfd1 Rfd8 19. Nxb6 axb6 20. Nc4 Qc7 21. Bg5 Rd7 22. Ne3 Qe5 23. Bh4 Qxb2 24. Qxb2 Bxb2 25. Rab1 Bd4 26. Rxb6 Bb7 27. Ng4 f5 28. Rxd4 fxg4 29. Rxg4 Bxd5 1/2-1/2

[Event "Maastricht Limburg op-A 5th"]
[Site "Maastricht"]
[Date "2011.06.12"]
[Round "4"]
[White "Memeti, Kastriot"]
[Black "Gunther, Justin"]
[Result "1-0"]
[WhiteElo "2209"]
[BlackElo "2054"]
[PlyCount "93"]
[EventDate "2011.06.10"]
[EventType "swiss"]
[EventRounds "7"]
[EventCountry "NED"]
[SourceTitle "CBM 142 Extra"]
[Source "ChessBase"]
[SourceDate "2011.06.27"]
[SourceVersion "1"]
[SourceVersionDate "2011.06.27"]
[SourceQuality "1"]

1. d4 Nf6 2. Nf3 e6 3. Bf4 b6 4. e3 Bb7 5. Bd3 Be7 6. h3 0-0 7. 0-0 d5 8. Nbd2 Nbd7 9. Ne5 Re8 10. Qf3 Nf8 11. Bb5 N6d7 12. Nxf7 Qc8 13. Ne5 Nxe5 14. Bxe5 c6 15. Bd3 Ba6 16. e4 Bxd3 17. Qxd3 Ng6 18. Bg3 Rf8 19. Rae1 Qd7 20. Qe3 Bf6 21. c3 Rac8 22. Nf3 c5 23. exd5 exd5 24. Ne5 Bxe5 25. Bxe5 cxd4 26. Bxd4 Rce8 27. Qd2 Qf5 28. Rxe8 Rxe8 29. Re1 Re6 30. Rxe6 Qxe6 31. Qe3 Qxe3 32. Bxe3 Ne7 33. Kf1 Kf7 34. Ke2 Ke6 35. a4 Nc8 36. Kd3 a6 37. g4 g6 38. f4 Nd6 39. b3 b5 40. axb5 axb5 41. Bd4 h5 42. f5+ gxf5 43. gxh5 Nf7 44. Ke3 Ng5 45. h4 Nh7 46. Kf4 Nf8 47. Bg7 1-0

[Event "Enschede op-B U16"]
[Site "Enschede"]
[Date "2009.08.04"]
[Round "2"]
[White "Gunther, Justin"]
[Black "De Vleeschauwer, Ruben"]
[Result "0-1"]
[WhiteElo "1935"]
[BlackElo "1770"]
[PlyCount "54"]
[EventDate "2009.08.03"]
[EventType "swiss"]
[EventRounds "9"]
[EventCountry "NED"]
[SourceTitle "CBM 132 Extra"]
[Source "ChessBase"]
[SourceDate "2009.11.03"]
[SourceVersion "1"]
[SourceVersionDate "2009.11.03"]
[SourceQuality "1"]

1. e4 e6 2. d4 d5 3. Nc3 Nf6 4. e5 Nfd7 5. f4 c5 6. Nf3 Nc6 7. Be3 a6 8. dxc5 Bxc5 9. Bxc5 Nxc5 10. Bd3 b5 11. 0-0 Qb6 12. Kh1 b4 13. Ne2 a5 14. a4 Nxd3 15. Qxd3 Ba6 16. Qd2 0-0 17. Nh4 Rac8 18. f5 Bxe2 19. Qxe2 Qd4 20. Qh5 Nxe5 21. fxe6 fxe6 22. Rfe1 Ng4 23. h3 Nf2+ 24. Kh2 Rxc2 25. Nf3 Qf4+ 26. Kg1 Ne4 27. b3 Rxg2+ 0-1

[Event "Enschede op-B U16"]
[Site "Enschede"]
[Date "2009.08.03"]
[Round "1"]
[White "Van der Auweraert, Jasper"]
[Black "Gunther, Justin"]
[Result "0-1"]
[WhiteElo "1655"]
[BlackElo "1935"]
[PlyCount "60"]
[EventDate "2009.08.03"]
[EventType "swiss"]
[EventRounds "9"]
[EventCountry "NED"]
[SourceTitle "CBM 132 Extra"]
[Source "ChessBase"]
[SourceDate "2009.11.03"]
[SourceVersion "1"]
[SourceVersionDate "2009.11.03"]
[SourceQuality "1"]

1. e4 c5 2. Nf3 d6 3. d4 cxd4 4. Nxd4 Nf6 5. Nc3 a6 6. f3 e5 7. Nb3 Be6 8. Be3 Nbd7 9. Qd2 Qc7 10. 0-0-0 b5 11. g4 Nb6 12. g5 Nfd7 13. f4 Nc4 14. Bxc4 Bxc4 15. Nd5 Bxd5 16. exd5 Be7 17. fxe5 Nxe5 18. Nd4 0-0 19. Nf5 f6 20. Nd4 Qc4 21. b3 Qxd5 22. Nf5 Qxd2+ 23. Rxd2 Bd8 24. gxf6 Bxf6 25. Nxd6 Ng4 26. Re2 Nxe3 27. Rxe3 Bg5 28. Rhe1 Rf3 29. Kd2 Rxe3 30. Rxe3 Rd8 0-1

[Event "NED-ch U17"]
[Site "Venlo"]
[Date "2009.04.28"]
[Round "5"]
[White "Gunther, Justin"]
[Black "Manoch, Maurice"]
[Result "1-0"]
[WhiteElo "2015"]
[BlackElo "1833"]
[PlyCount "35"]
[EventDate "2009.04.24"]
[EventType "swiss"]
[EventRounds "9"]
[EventCountry "NED"]
[SourceTitle "EXT 2013"]
[Source "ChessBase"]
[SourceDate "2012.11.22"]
[SourceVersion "1"]
[SourceVersionDate "2012.11.22"]
[SourceQuality "1"]

1. e4 e6 2. d4 d5 3. Nc3 Nf6 4. Bg5 Be7 5. e5 Nfd7 6. Bxe7 Qxe7 7. f4 a6 8. Qg4 g6 9. Nf3 Qb4 10. 0-0-0 Nc6 11. h4 Nb6 12. h5 Bd7 13. hxg6 fxg6 14. Qg5 Na5 15. Bd3 Rg8 16. Rxh7 Nac4 17. Bxg6+ Rxg6 18. Qxg6+ 1-0

[Event "NED-ch U17"]
[Site "Venlo"]
[Date "2009.04.26"]
[Round "3"]
[White "Gunther, Justin"]
[Black "Sekandar, Kambiz"]
[Result "0-1"]
[WhiteElo "2015"]
[BlackElo "1858"]
[PlyCount "144"]
[EventDate "2009.04.24"]
[EventType "swiss"]
[EventRounds "9"]
[EventCountry "NED"]
[SourceTitle "EXT 2013"]
[Source "ChessBase"]
[SourceDate "2012.11.22"]
[SourceVersion "1"]
[SourceVersionDate "2012.11.22"]
[SourceQuality "1"]

1. e4 e5 2. Nf3 Nc6 3. d4 exd4 4. Bc4 Nf6 5. e5 d5 6. Bb5 Ne4 7. Nxd4 Bd7 8. Bxc6 bxc6 9. 0-0 Bc5 10. Be3 0-0 11. f3 Ng5 12. f4 Ne4 13. Nd2 Nxd2 14. Qxd2 Re8 15. b4 Bb6 16. Nb3 f6 17. Qc3 fxe5 18. fxe5 Qg5 19. Bxb6 axb6 20. Rfe1 Re6 21. Re3 Rf8 22. Rae1 Rg6 23. Qd2 Be6 24. a4 Qf4 25. Rg3 Rg4 26. Qxf4 Rfxf4 27. Rxg4 Rxg4 28. c3 Rc4 29. Nd4 Kf7 30. a5 Bc8 31. e6+ Ke8 32. Nf5 g6 33. Nh6 Re4 34. Ra1 bxa5 35. bxa5 Ba6 36. Rb1 Ke7 37. Nf7 Rxe6 38. Ng5 Re3 39. Rc1 h6 40. Nf3 c5 41. Rc2 g5 42. Kf2 Re4 43. Ra2 Kd6 44. Nd2 Rf4+ 45. Ke1 Rf5 46. Ra4 Kc6 47. Nf3 Kb5 48. Rg4 Kxa5 49. h4 Bc8 50. Rg3 gxh4 51. Nxh4 Rf4 52. Nf3 Bg4 53. Nd2 Kb5 54. Re3 Rf6 55. Rg3 h5 56. Nf1 d4 57. Nd2 Re6+ 58. Kf1 Re2 59. Nb3 Rb2 60. cxd4 c4 61. Nc5 Rd2 62. Ne4 Rxd4 63. Nc3+ Kb4 64. Ke1 Rd3 65. Rxd3 cxd3 66. Nd5+ Kb3 67. Kd2 c6 68. Nc3 Be2 69. g3 Kc4 70. Nb1 Kd4 71. Nc3 c5 72. Na4 Ke4 0-1

[Event "Twente Young Master op-C"]
[Site "Twente"]
[Date "2007.08.10"]
[Round "7"]
[White "Pijpers, Arthur"]
[Black "Gunther, Justin"]
[Result "1-0"]
[WhiteElo "2061"]
[BlackElo "1643"]
[PlyCount "79"]
[EventDate "2007.08.06"]
[EventType "swiss"]
[EventRounds "9"]
[EventCountry "NED"]
[SourceTitle "EXT 2008"]
[Source "ChessBase"]
[SourceDate "2007.11.25"]
[SourceVersion "1"]
[SourceVersionDate "2007.11.25"]
[SourceQuality "1"]

1. e4 c6 2. d4 d5 3. exd5 cxd5 4. Bd3 Nc6 5. c3 Nf6 6. Bf4 Bg4 7. Qb3 Qd7 8. Nd2 e6 9. Ngf3 Be7 10. Ne5 Qc8 11. Nxg4 Nxg4 12. h3 Nf6 13. 0-0 0-0 14. Rfe1 Nh5 15. Bh2 Bg5 16. Nf3 Bf4 17. g3 Bd6 18. Ne5 Bxe5 19. dxe5 g6 20. g4 Ng7 21. Qa4 a6 22. Qf4 Qd8 23. Rad1 Qe7 24. Bg3 Rac8 25. Qh6 f5 26. Bh4 Qf7 27. Bf6 fxg4 28. hxg4 Ne8 29. g5 Ne7 30. Re3 Ng7 31. Qh2 Nef5 32. Rh3 Nh5 33. Bxf5 exf5 34. Rhd3 Rc4 35. Rxd5 Rg4+ 36. Kh1 Qc7 37. f3 Ng3+ 38. Kg2 Ne4+ 39. fxg4 Qb6 40. Qxh7+ 1-0

[Event "NED-ch U15"]
[Site "Venlo"]
[Date "2007.05.02"]
[Round "4"]
[White "Gunther, Justin"]
[Black "Beukema, Stefan"]
[Result "0-1"]
[WhiteElo "1715"]
[BlackElo "1783"]
[PlyCount "79"]
[EventDate "2007.04.30"]
[EventType "swiss"]
[EventRounds "9"]
[EventCountry "NED"]
[SourceTitle "EXT 2009"]
[Source "ChessBase"]
[SourceDate "2008.11.26"]
[SourceVersion "1"]
[SourceVersionDate "2008.11.26"]
[SourceQuality "1"]

1. e4 e5 2. Nf3 Nc6 3. d4 exd4 4. Bc4 Nf6 5. e5 d5 6. Bb5 Ne4 7. Nxd4 Bc5 8. Be3 Bd7 9. Bxc6 bxc6 10. f3 Ng5 11. Nxc6 Bxc6 12. Bxc5 Ne6 13. Bf2 0-0 14. 0-0 Bb5 15. Re1 c5 16. Nc3 Bc6 17. Qd2 Rb8 18. b3 Rb7 19. Rad1 Rd7 20. f4 Re8 21. f5 Ng5 22. f6 gxf6 23. exf6 Rxe1+ 24. Rxe1 Qxf6 25. Re8+ Kg7 26. Bxc5 Ne6 27. Bf2 d4 28. Ne2 d3 29. Ng3 Nf4 30. c3 Qg5 31. Be3 Ne2+ 32. Kf2 Qf6+ 33. Ke1 Nxg3 34. hxg3 Rd6 35. Rb8 Qe5 36. Kd1 Qxg3 37. Bf4 Qg4+ 38. Kc1 Re6 39. g3 Qf3 40. Bd6 0-1

[Event "NED-ch U13"]
[Site "Rijswijk"]
[Date "2005.05.07"]
[Round "7"]
[White "Otten, Martijn"]
[Black "Gunther, Justin"]
[Result "0-1"]
[WhiteElo "1335"]
[BlackElo "1492"]
[PlyCount "86"]
[EventDate "2005.05.05"]
[EventType "swiss"]
[EventRounds "9"]
[EventCountry "NED"]
[SourceTitle "EXT 2013"]
[Source "ChessBase"]
[SourceDate "2012.11.22"]
[SourceVersion "1"]
[SourceVersionDate "2012.11.22"]
[SourceQuality "1"]

1. d4 d5 2. c4 dxc4 3. e4 b5 4. Bf4 e6 5. Nc3 Bb4 6. Nf3 Nf6 7. Bg5 h6 8. Bh4 g5 9. Bg3 Nxe4 10. Qc2 Bb7 11. a3 Ba5 12. Be5 f6 13. Bg3 Nxg3 14. hxg3 Bxf3 15. gxf3 f5 16. Bg2 Nc6 17. 0-0 Nxd4 18. Qd1 Nb3 19. Qxd8+ Rxd8 20. Rad1 Bxc3 21. bxc3 Ke7 22. Rfe1 Rd6 23. g4 f4 24. Rxd6 cxd6 25. Bf1 Kf6 26. a4 a6 27. Rd1 d5 28. Re1 e5 29. axb5 axb5 30. Rd1 d4 31. cxd4 exd4 32. Bg2 d3 33. Bf1 d2 34. Be2 Re8 35. Kf1 c3 36. Bd3 Nd4 37. Be4 Rxe4 38. Kg2 c2 39. Rh1 d1Q 40. Rxh6+ Kg7 41. Kh2 Nxf3+ 42. Kg2 Kxh6 43. Kh3 Qh1# 0-1

[Event "NED-ch U13"]
[Site "Rijswijk"]
[Date "2005.05.06"]
[Round "6"]
[White "Gunther, Justin"]
[Black "Claushuis, Michael"]
[Result "1/2-1/2"]
[WhiteElo "1492"]
[BlackElo "1446"]
[PlyCount "110"]
[EventDate "2005.05.05"]
[EventType "swiss"]
[EventRounds "9"]
[EventCountry "NED"]
[SourceTitle "EXT 2013"]
[Source "ChessBase"]
[SourceDate "2012.11.22"]
[SourceVersion "1"]
[SourceVersionDate "2012.11.22"]
[SourceQuality "1"]

1. e4 e5 2. Nf3 Nc6 3. Bc4 Nf6 4. Ng5 Bc5 5. Nxf7 Bxf2+ 6. Kf1 Qe7 7. Nxh8 Nxe4 8. Qh5+ g6 9. Nxg6 Qf6 10. Nxe5+ Ke7 11. Qf7+ Qxf7 12. Nxf7 Bc5 13. d3 Nf2 14. Bg5+ Kf8 15. Rg1 Ng4 16. Bf4 Bxg1 17. Kxg1 Nd4 18. Na3 Ne2+ 19. Kf1 Nxf4 20. h3 Ne3+ 21. Kf2 Nxc4 22. Nxc4 Kxf7 23. Kf3 Ng6 24. Rf1 d5 25. Ne3 Bd7 26. Nxd5 Rf8 27. Ke4+ Kg7 28. Rxf8 Kxf8 29. Nxc7 Bc6+ 30. Nd5 Ne7 31. c4 Kf7 32. Kd4 Nf5+ 33. Kc5 Nh4 34. g3 Nf3 35. b4 a6 36. Nc7 Ne5 37. Kd4 Kf6 38. g4 h6 39. b5 axb5 40. cxb5 Bg2 41. Ne8+ Ke7 42. Kxe5 Kxe8 43. h4 Bf1 44. Ke4 Ke7 45. a4 Ke6 46. a5 Bh3 47. a6 bxa6 48. bxa6 Bxg4 49. d4 Bh3 50. d5+ Kd6 51. h5 Bg2+ 52. Kf5 Bxd5 53. Kg6 Kc6 54. Kxh6 Be4 55. Kg7 Kb6 1/2-1/2

[Event "NED-ch U13"]
[Site "Rijswijk"]
[Date "2005.05.05"]
[Round "1"]
[White "Schippers, Maurice"]
[Black "Gunther, Justin"]
[Result "1-0"]
[WhiteElo "1797"]
[BlackElo "1492"]
[PlyCount "133"]
[EventDate "2005.05.05"]
[EventType "swiss"]
[EventRounds "9"]
[EventCountry "NED"]
[SourceTitle "EXT 2013"]
[Source "ChessBase"]
[SourceDate "2012.11.22"]
[SourceVersion "1"]
[SourceVersionDate "2012.11.22"]
[SourceQuality "1"]

1. e4 e5 2. Nf3 Nc6 3. Bc4 Bc5 4. c3 Nf6 5. d4 exd4 6. cxd4 Bb4+ 7. Bd2 Nxe4 8. Bxb4 Nxb4 9. Bxf7+ Kxf7 10. Qb3+ d5 11. Qxb4 Re8 12. 0-0 Kg8 13. Nc3 a5 14. Qb3 Nxc3 15. bxc3 Ra6 16. Rae1 Rae6 17. Ne5 b5 18. f4 Ba6 19. Rf3 Qh4 20. g3 Qd8 21. Rfe3 Qd6 22. f5 R6e7 23. Qc2 Bc8 24. Qf2 Qf6 25. g4 c5 26. Qf3 Bb7 27. Qf4 g5 28. Qg3 Qb6 29. Nd7 Rxe3 30. Rxe3 Rxe3 31. Qxe3 Qd8 32. Nxc5 Bc8 33. Qe5 Qf8 34. Qxd5+ Kg7 35. Qe5+ Qf6 36. Qxf6+ Kxf6 37. Ne4+ Kg7 38. Nxg5 b4 39. cxb4 axb4 40. Ne6+ Bxe6 41. fxe6 Kf6 42. d5 Ke7 43. Kf2 Kd6 44. Ke3 Ke7 45. Kd3 Kd6 46. Kc4 Ke7 47. Kc5 h6 48. h4 h5 49. gxh5 Kf8 50. d6 b3 51. axb3 Ke8 52. d7+ Ke7 53. Kc6 Kd8 54. e7+ Kxe7 55. Kc7 Ke6 56. d8Q Ke5 57. Qd6+ Ke4 58. Kc6 Kf5 59. Qe7 Kf4 60. Qe6 Kg3 61. Qf5 Kg2 62. Qf4 Kh3 63. Qg5 Kh2 64. Kd5 Kh3 65. Ke4 Kh2 66. Kf3 Kh1 67. Qg2# 1-0

[Event "NED-ch U13"]
[Site "Rijswijk"]
[Date "2005.05.05"]
[Round "3"]
[White "Van Waes, Chris"]
[Black "Gunther, Justin"]
[Result "1/2-1/2"]
[WhiteElo "1309"]
[BlackElo "1492"]
[PlyCount "111"]
[EventDate "2005.05.05"]
[EventType "swiss"]
[EventRounds "9"]
[EventCountry "NED"]
[SourceTitle "EXT 2013"]
[Source "ChessBase"]
[SourceDate "2012.11.22"]
[SourceVersion "1"]
[SourceVersionDate "2012.11.22"]
[SourceQuality "1"]

1. e4 e5 2. d4 Nc6 3. Nf3 exd4 4. c3 Nf6 5. e5 Nd5 6. cxd4 d6 7. Bc4 Nb6 8. Bb5 dxe5 9. Nxe5 Bd7 10. Qf3 Nxe5 11. Bxd7+ Nexd7 12. Qxb7 Bb4+ 13. Bd2 Bxd2+ 14. Nxd2 Qe7+ 15. Qe4 Qxe4+ 16. Nxe4 0-0 17. 0-0 Rfe8 18. Rae1 Nc4 19. b3 Rxe4 20. Rxe4 Nd2 21. Re7 Nxf1 22. Rxd7 Nd2 23. Rxc7 Ne4 24. f3 Nf6 25. b4 Nd5 26. Rc4 Kf8 27. b5 Ke7 28. Kf2 a6 29. Rc5 Kd6 30. Rc6+ Kd7 31. Rxa6 Rxa6 32. bxa6 Kc7 33. Ke2 Nc3+ 34. Kd3 Nxa2 35. Kc4 Kb6 36. d5 Kxa6 37. Kc5 Kb7 38. Kd6 Nb4 39. Ke7 Nxd5+ 40. Kxf7 g5 41. Kg7 h5 42. Kg6 g4 43. fxg4 hxg4 44. Kg5 Ne3 45. g3 Kc6 46. Kf4 Nf1 47. Kxg4 Nxh2+ 48. Kh3 Nf3 49. g4 Ng5+ 50. Kh4 Nf3+ 51. Kg3 Ng5 52. Kf4 Ne6+ 53. Kf5 Kd7 54. Kf6 Kd6 55. g5 Nxg5 56. Kxg5 1/2-1/2